Narcis Oller : un novelista barcelonés / un novelista barcelonés /
Descripción Física:
Il·lustracions
Colección:
San Jorge,
; núm. 21 (gener 1956), pàg 77-79
Idioma:
Español
MARC
| LEADER | 00000naa a2200000 a 4500 | ||
|---|---|---|---|
| 003 | Arxiu | ||
| 005 | 20260324181033.0 | ||
| 008 | 160829s1956 spcaxx s dspa c | ||
| 040 | |a AGDB | ||
| 100 | 1 | |a Saltor, Octavi, |d 1902-1982 |9 29621 | |
| 245 | 1 | 0 | |a Narcis Oller : |b un novelista barcelonés / |c por Octavio Saltor |
| 300 | |b Il·lustracions | ||
| 490 | |a San Jorge, |v núm. 21 (gener 1956), pàg 77-79 | ||
| 500 | |a Fotos PIC | ||
| 600 | 1 | 0 | |a Oller, Narcís, |d 1846-1930 |9 27114 |
| 650 | 0 | |a Escriptors catalans |9 55907 |v Biografia | |
| 773 | |g Núm. 21 (gener 1956), pàg 77-79 |t San Jorge. | ||
| 901 | |a Arxiu | ||
| 942 | |n 1 |2 udc |c ART | ||
| 952 | |0 0 |1 0 |4 0 |6 REV511 |7 1 |9 65579 |a Arxiu |b Arxiu |d 2023-03-13 |l 0 |o Rev-511 |r 2023-03-13 00:00:00 |w 2023-03-13 |y ARXIU |z També disponible a Rev-525 | ||
| 999 | |c 48045 |d 48045 | ||